000 01058cam a22003131 4500
001 sa 65004193
003 DLC
005 20260227112129.0
008 910724s1962 ii 000 0 sano
010 _asa 65004193
035 _a(OCoLC)24128763
040 _aDLC
_cWaU
_dDLC
041 0 _asanhin
042 _apremarc
050 0 0 _aPK875
_b.K4
100 0 _aKedārabhaṭṭa.
240 1 0 _aVr̥ttaratnākara
245 1 0 _aVr̥ttaratnākaraḥ.
260 _c[1962]
300 _a4, 7, 191, 36 p.
_c19 cm.
490 1 _aKāśī Saṃskr̥ta granthamālā ;
_v55.
_aChhanda śāstra section
_vno. 1
546 _aIn Sanskrit; commentaries in Hindi and Sanskrit; introd. and notes in Hindi.
650 0 _aSanskrit language
_xMetrics and rhythmics.
700 0 _aNārāyaṇabhaṭṭa.
700 1 _aVarakala, Vaidyanāthaśāstrī.
700 1 2 _aŚarmā, Kedāranātha,
_d1914-
_tMaṇimayī.
830 0 _aKāśīsaṃskr̥tasīrijapustakamālā ;
_v55.
830 0 _aKāśīsaṃskr̥tasīrijapustakamālā.
_pChandovibhāga ;
_v1. puṣpam.
999 _c63604
_d63604